000
00266nam a22001097a 4500
008
240928b |||||||| |||| 00| 0 eng d
022
_a
09708456
041
_a
Eng
245
_a
Vinimaya
260
_a
Pune
_b
National Institute Of Bank Management
_c
2024
942
_c
SR
_s
1
999
_c
41541
_d
41541